| 000 | 00989nam a2200325 a 4500 | ||
|---|---|---|---|
| 003 | AR-BaBNM | ||
| 005 | 20251128202835.0 | ||
| 008 | 082120s2002 ||||||||||||||000 | spa|| | ||
| 040 | _cAR-BaBNM | ||
| 100 | 1 | _aPrampolini, Santiago | |
| 245 | 0 | 0 |
_aHistoria universal de la literatura _bliteraturas latina medieval, hebraica medioeval y célticas. 4 |
| 260 |
_aBuenos Aires _bUteha Argentina _c1940 |
||
| 300 |
_a558 p. _bil., láms. |
||
| 500 | _aContiene índice alfabético de autores y obras en p. 529 | ||
| 650 | 4 | _aLITERATURA LATINA | |
| 650 | 4 | _aLITERATURA MEDIEVAL | |
| 650 | 4 | _aHISTORIA LITERARIA | |
| 650 | 4 | _aINVESTIGACION LITERARIA | |
| 650 | 4 | _aLITERATURA INGLESA | |
| 650 | 4 | _aTRADICION ORAL | |
| 650 | 4 | _aRELIGION | |
| 650 | 4 | _aLITERATURA FOLKLORICA | |
| 653 | _aFILOSOFIA MEDIEVAL | ||
| 653 | _aESCOLASTICA | ||
| 655 | _aLITERATURA | ||
| 700 | 1 |
_aPijoan, José _edirector |
|
| 700 | 1 |
_aJiménez Rueda, Julio _etraductor |
|
| 942 | _cBK | ||
| 998 | _cMARTIN | ||
| 999 |
_c827 _d827 |
||